书目信息 |
| 题名: |
金陵梦谈
|
|
| 作者: | 昂海松 著 | |
| 分册: | ||
| 出版信息: | 北京 光明日报出版社 2016 |
|
| 页数: | 290页 | |
| 开本: | 24cm | |
| 丛书名: | ||
| 单 册: | ||
| 中图分类: | Z429.74 | |
| 科图分类: | ||
| 主题词: | 杂著--za zhu--作品集--中国--现代 | |
| 电子资源: | ||
| ISBN: | 978-7-5194-1498-6 | |
| 000 | 00788nam0 22002291 450 | |
| 001 | 0109172459 | |
| 005 | 20170309172459.0 | |
| 010 | @a978-7-5194-1498-6@dCNY49.00 | |
| 100 | @a20161122d2016 em y0chiy50 ea | |
| 101 | 0 | @achi |
| 102 | @aCN@b110000 | |
| 105 | @aab z 000yy | |
| 106 | @ar | |
| 200 | 1 | @a金陵梦谈@9jin ling meng tan@f昂海松著 |
| 210 | @a北京@c光明日报出版社@d2016 | |
| 215 | @a290页@c图,地图@d24cm | |
| 330 | @a本书内容分四类,第一类主要写的是与南京有关的历史、人文的探索,第二类,主要是对教育的思考和建言,第三类,科技与人文融合的漫谈,第四类,是作者的家乡和源头的回溯。 | |
| 606 | 0 | @a杂著@9za zhu@x作品集@y中国@z现代 |
| 690 | @aZ429.74@v5 | |
| 701 | 0 | @a昂海松@9ang hai song@f(1947~)@4著 |
| 801 | 0 | @aCN@bTANGWEI@c20170308 |
| 905 | @b0953960-3@dZ429.74@e63@f4 | |
| 金陵梦谈/昂海松著.-北京:光明日报出版社,2016 |
| 290页:图,地图;24cm |
| ISBN 978-7-5194-1498-6:CNY49.00 |
| 本书内容分四类,第一类主要写的是与南京有关的历史、人文的探索,第二类,主要是对教育的思考和建言,第三类,科技与人文融合的漫谈,第四类,是作者的家乡和源头的回溯。 |
| ● |
| 相关链接 |
|
|
|
|
正题名:金陵梦谈
索取号:Z429.74/63
 
预约/预借
| 序号 | 登录号 | 条形码 | 馆藏地/架位号 | 状态 | 备注 |
| 1 | 0953960 | 209539604 | 第二样本阅览室/ [索取号:Z429.74/63] | 在馆 | |
| 2 | 0953961 | 209539613 | 第三借阅区/ [索取号:Z429.74/63] | 在馆 | |
| 3 | 0953962 | 209539622 | 第三借阅区/ [索取号:Z429.74/63] | 在馆 | |
| 4 | 0953963 | 209539631 | 第三借阅区/ [索取号:Z429.74/63] | 在馆 |